Statistiques concernant Mots de 7 lettres par définition

Cliquez ici pour prendre le quiz!

Statistiques générales

  • Ce quiz a été pris 53 fois
  • Le résultat moyen est 7 sur 15

Statistiques - réponses

Genre Définition Mot % Correct
Nom MasculinTempête très violente, où la vitesse du vent dépasse 120 km à l'heure.Ouragan
80%
Nom MasculinPièce de la literie, sorte de long et large coussin piqué ou capitonné, rembourré de laine, de mousse, ou à ressorts, et généralement posé sur un sommier.Matelas
76%
Nom MasculinOpération qui consiste à couper certaines branches d'un arbre.Elagage
75%
Nom FémininDispositif d'éclairage, constitué d'une enveloppe, transparente ou translucide, étanche aux gaz, renfermant un corps lumineux.Ampoule
71%
Nom FémininTout liquide que l'on boit.Boisson
65%
Nom MasculinDésir de manger, sensation de faimAppétit
59%
Nom MasculinPièce non voûtée, généralement fraîche, située au rez-de-chaussée d'une maison et destinée principalement à la conservation des vins, des denrées périssables.Cellier
53%
Nom FémininCatégorie d'automobiles monoplaces destinées uniquement à la compétition, en circuit ou sur parcours fermé.Formule
53%
Nom MasculinAccumulation de glace continentale issue de la transformation de la neige et soumise à un écoulement lent.Glacier
53%
Nom FémininEnsemble des voiles d'un bâtiment ou d'un de ses mâts.Voilure
41%
Nom FémininDanse d'inspiration brésilienne, corps contre corps, avec ondulation des hanches et des épaules, pratiquée dans les années 1990.Lambada
39%
Nom FémininPrincipe moral qui exige le respect du droit et de l'équité.Justice
39%
Nom MasculinVêtement en loques ; guenille.Haillon
22%
Nom MasculinIndividu qui en aide un autre dans des actions peu recommandables ; complice.Acolyte
8%
Nom FémininCommunication transmise par des moyens techniques rapides ; synonyme fréquent de télégramme.Dépêche
6%

Distribution des résultats

Percentile by Number Answered

% des personnes avec chaque résultat

Votre développement - résultats

Vous n’avez pas pris ce quiz